Macrocognition metrics and scenarios design and evaluation for real-world teams /

Bibliographic Details
Corporate Author: ProQuest (Firm)
Other Authors: Patterson, Emily S., 1972-, Miller, Janet E., 1952-
Format: Electronic eBook
Language:English
Published: Farnham, Surrey ; Burlington, VT : Ashgate, c2010.
Subjects:
Online Access:Click to View
LEADER 01512nam a2200385Ia 4500
001 EBC539834
003 MiAaPQ
005 20200520144314.0
006 m o d |
007 cr cn|||||||||
008 100120s2010 enk sb 001 0 eng d
010 |z  2010000799 
020 |z 9780754675785 (hardback : alk. paper) 
020 |a 9781409406877 (electronic bk.) 
035 |a (MiAaPQ)EBC539834 
035 |a (Au-PeEL)EBL539834 
035 |a (CaPaEBR)ebr10394990 
035 |a (CaONFJC)MIL261487 
035 |a (OCoLC)645937957 
040 |a MiAaPQ  |c MiAaPQ  |d MiAaPQ 
050 4 |a HM746  |b .M33 2010 
082 0 4 |a 658.4/036072  |2 22 
245 0 0 |a Macrocognition metrics and scenarios  |h [electronic resource] :  |b design and evaluation for real-world teams /  |c edited by Emily S. Patterson and Janet E. Miller. 
260 |a Farnham, Surrey ;  |a Burlington, VT :  |b Ashgate,  |c c2010. 
300 |a xxxi, 307 p. 
504 |a Includes bibliographical references and index. 
533 |a Electronic reproduction. Ann Arbor, MI : ProQuest, 2015. Available via World Wide Web. Access may be limited to ProQuest affiliated libraries. 
650 0 |a Group decision making  |x Evaluation. 
650 0 |a Cognition  |x Measurement. 
650 0 |a Teams in the workplace  |x Evaluation. 
655 4 |a Electronic books. 
700 1 |a Patterson, Emily S.,  |d 1972- 
700 1 |a Miller, Janet E.,  |d 1952- 
710 2 |a ProQuest (Firm) 
856 4 0 |u https://ebookcentral.proquest.com/lib/matrademy/detail.action?docID=539834  |z Click to View